Breast cancer targets and therapy.

Bibliographic Details
Format: Electronic Journal
Language:English
Published: Auckland, N.Z. : Dove Medical Press, ©2009-
Subjects:
Online Access:Full text available from Research Library: 01/01/2009 to present

MARC

LEADER 00000nas a2200000 a 4500
001 ssj0000070447
003 WaSeSS
005 20200512172242.0
006 m d
007 cr n
008 090427c20099999nz uu p s 0 a0eng c
010 |a  2012243692 
016 7 |a 2520722-2  |2 DE-600 
016 7 |a 101591856  |2 DNLM 
022 |a 1179-1314  |l 1179-1314 
035 |a (WaSeSS)ssj0000070447 
040 |a NZ1  |b eng  |c NZ1  |d HEBIS  |d OCLCQ  |d NTE  |d NLM  |d OCLCQ  |d CUS  |d OCLCF  |d EUW  |d OCLCQ  |d CASUM  |d OCLCQ  |d OCLCO  |d WT2  |d OCLCQ  |d OCLCA  |d OCLCQ  |d AU@  |d OCLCA  |d OCLCQ  |d WaSeSS 
042 |a pcc 
050 4 |a RC280.B8 
060 1 0 |a W1 
082 0 4 |a 616.9944905  |2 22 
130 0 |a Breast cancer (Dove Medical Press) 
210 1 |a Breast cancer  |b (Dove Med. Press) 
222 0 |a Breast cancer  |b (Dove Medical Press) 
245 1 0 |a Breast cancer  |h [electronic resource] :  |b targets and therapy. 
260 |a Auckland, N.Z. :  |b Dove Medical Press,  |c ©2009- 
362 1 |a Began with v. 1 (2009). 
506 |a License restrictions may limit access. 
515 |a Articles added irregularly during the year and collected into annual issues. 
588 0 |a First issue; title from issue home page (viewed Feb. 9, 2010). 
588 1 |a 2012:1 (viewed Oct. 19, 2012). 
650 0 |a Breast  |x Cancer  |v Periodicals. 
650 1 2 |a Breast Neoplasms. 
650 7 |a Breast  |x Cancer.  |2 fast  |0 (OCoLC)fst00838260 
655 0 |a Electronic journals. 
856 4 0 |z Full text available from Research Library: 01/01/2009 to present  |u https://search.proquest.com/publication/3933197